Migračná politika škandinávskych štátov bakalárska práca

Enregistré dans:
Détails bibliographiques
Auteur principal: Jančovičová, Petra
Collectivité auteur: Fakulta medzinárodných vzťahov EU. Katedra medzinárodných ekonomických vzťahov a hospodárskej diplomacie
Autres auteurs: Damašková, Tatiana, 1969-
Format: Livre
Langue:slovaque
Publié: Bratislava 2023
Tags: Ajouter un tag
Pas de tags, Soyez le premier à ajouter un tag!

MARC

LEADER 00000nbm a2200000 4500
001 0293261
005 20240604104447.8
041 0 |a slo 
044 |a SK 
245 1 0 |a Migračná politika škandinávskych štátov  |b bakalárska práca  |c Petra Jančovičová ; školiteľ: Tatiana Damašková 
264 1 |a Bratislava  |c 2023 
300 |a 40 s. 
100 1 |a Jančovičová, Petra 
700 1 |a Damašková, Tatiana, 1969- 
710 2 |a Fakulta medzinárodných vzťahov EU. Katedra medzinárodných ekonomických vzťahov a hospodárskej diplomacie